ห้องสมุด วิทยาลัยพยาบาลบรมราชชนนี อุดรธานี
Boromarajonani College of Nursing, Udonthani
เปลี่ยนเป็นภาษาไทย

Change to English
 แสดงรายละเอียดบรรณานุกรม
  กลับหน้าหลัก

Brief Record : Get Marc (ISO 2709) : E-mail record : QR code ปิดหน้าต่าง
หนังสืออ้างอิง : เกี่ยวกับ Collections
mysqli: Table './ulib2015/stat_globaluid' is marked as crashed and last (automatic?) repair failed
select id from stat_globaluid where statuid='20260417220938_2639' 
mysqli: Table './ulib2015/stat_globaluid' is marked as crashed and last (automatic?) repair failed
DELETE FROM stat_globaluid
			WHERE id NOT IN (
			  SELECT id
			  FROM (
				SELECT id
				FROM stat_globaluid
				ORDER BY id DESC
				LIMIT 100
			  ) foo
			); 
mysqli: Table './ulib2015/stat_globaluid' is marked as crashed and last (automatic?) repair failed
insert into stat_globaluid set
		statuid='20260417220938_2639',
		dt='1776438578',
		phpself='/ULIB/dublinfull.php',
		agent='Mozilla/5.0 AppleWebKit/537.36 (KHTML, like Gecko; compatible; ClaudeBot/1.0; +claudebot@anthropic.com)',
		yea='2026',
		mon='4',
		dat='17',
		ip='216.73.216.55'
		
		
LEADER 00000nam 2200000uu 4500
001    14430
003     ULIBM
008    120508s2000||||th 000 0 eng d
050  4 LB2806.15^bI879S 2000
100 1  Los Angeles Harbor College
245 ^a ^a1111
300    xxv, 262 p.
650  0 Curriculum and Instruction
700 0  Standards and Resources
945    ^p0^l0^i7287
999     ลิขิตลักษณ์
รายการนี้ยังไม่มีแท็ก
คุณยังไม่ได้ล็อกอิน คุณสามารถมีกิจกรรมร่วมกับเว็บไซต์ได้ แต่ต้องล็อกอินก่อน ::
  ล็อกอิน
ลำดับที่ ประเภท เลขเรียก/บาร์โค้ด สถานที่ สถานะ
1. หนังสือภาษาไทย
หนังสือภาษาไทย
LB2806.15 I879S 2000  
  Barcode: 7287
หนังสือทั่วไป On Shelf
   [แสดง 1/1 รายการ]

mysqli: Can't create/write to file '/var/tmp/#sql_59d_1.MAI' (Errcode: 2)
select * from index_db where titl like '%Self study Report Prepared for the National League for Nursing Accrediting Commission/ Los Angeles Harbor College%' and mid<>'14430'  order by rand() limit 3
mysqli: Can't create/write to file '/var/tmp/#sql_59d_1.MAI' (Errcode: 2)
select * from index_db where auth like '%Los Angeles Harbor College%' and mid<>'14430'  order by rand() limit 3
mysqli: Can't create/write to file '/var/tmp/#sql_59d_1.MAI' (Errcode: 2)
select * from index_db where subj like '%Curriculum and Instruction%' and mid<>'14430'  order by rand() limit 3

BibComment


ยังไม่เคยถูกคอมเมนท์

คอมเมนท์ทรัพยากรรายการนี้
  คอมเมนท์: Self study Report..
Bib 14430

 
 
 

 Union Library Management : ULibM
Copyright 2026. All Rights Reserved.